00621nam a2200205Ia 4500003000400000005001700004008004100021040000700062041000800069082001500077100003000092245005800122260002000180300000900200650002000209700002700229942001300256999001900269952012700288OSt20260123111213.0250729s2003 xx 000 0 und d cAL aeng a020.2 GOKS aGovt of Karnataka9227886 aSocial science geography and economics 10 std part II aBangalorec2003 a124p aHistory9227887 aGoo Digumurthi9227888 2ddccBED c237809d237809 00104070aALbALd2025-07-29eManagement Booksg9.00l0o020.2 GOKSpBED03128r2025-07-29 16:56:05v8.95w2025-07-29yBK